Score 0/16 Timer 04:00
0 Plays Today
Book Title Missing Word % Correct
The ____ of the RingsLord
98.9%
The Da Vinci ____Code
97.8%
Fifty ____ of GreyShades
97.2%
A Tale of Two ____Cities
97%
Charlotte's ____Web
95.9%
The Catcher in the ____Rye
95.6%
War and ____Peace
94.7%
Anne of ____ GablesGreen
90.4%
Book Title Missing Word % Correct
Harry Potter and the Philosopher's ___Stone
89.6%
And Then There Were ___None
88.7%
The Tale of Peter ____Rabbit
80.6%
The Little ____Prince
63.5%
One Hundred Years of ____Solitude
59.7%
Think and Grow ____Rich
19.6%
Dream of the ___ ChamberRed
14.2%
She: A History of ____Adventure
7.9%

Today's Daily Dose

Remove Ads.
Support Sporcle.
Get the best of Sporcle when you Go Orange. This ad-free experience offers more features, more stats, and more fun while also helping to support Sporcle. Thank you for becoming a member.

You're not logged in!

Compare scores with friends on all Sporcle quizzes.
OR
Log In

Show Comments

Extras

Top Quizzes Today


Score Distribution

Your Account Isn't Verified!

In order to create a playlist on Sporcle, you need to verify the email address you used during registration. Go to your Sporcle Settings to finish the process.

Report this User

Report this user for behavior that violates our Community Guidelines.

Details: